|
|
|
|
| LEADER |
00000nam0a2200000 4500 |
| 001 |
20205 |
| 005 |
20231101205336.0 |
| 035 |
|
|
|a (RuTPU)RU\TPU\book\20383
|
| 035 |
|
|
|a BOOK00020453
|
| 090 |
|
|
|a 20205
|
| 100 |
|
|
|a 20011209d1980 km y0rusy50 ca
|
| 101 |
0 |
|
|a rus
|
| 102 |
|
|
|a RU
|
| 105 |
|
|
|a y z 000zb
|
| 200 |
1 |
|
|a Социальная философия А. Тойнби
|e Критический очерк
|f Ю. Н. Семенов
|
| 210 |
|
|
|a Москва
|c Наука
|d 1980
|
| 215 |
|
|
|a 200 с.
|
| 600 |
|
1 |
|a Тойнби
|g Арнолд Джозеф
|b А. Д.
|c английский историк и социолог
|f 1889 - 1975
|2 stltpui
|3 (RuTPU)RU\TPU\pers\1597
|
| 606 |
1 |
|
|a Английская философия
|x История
|z II пол. XIX-XX вв.
|2 stltpush
|3 (RuTPU)RU\TPU\subj\29046
|9 52458
|
| 610 |
1 |
|
|a философия
|
| 610 |
1 |
|
|a социальная философия
|
| 610 |
1 |
|
|a 20 век
|
| 610 |
1 |
|
|a политические учения
|
| 686 |
|
|
|a Ю3(4Вл)6
|v LBC/SL-A
|2 rubbk
|
| 700 |
|
1 |
|a Семенов
|b Ю. Н.
|g Юрий Николаевич
|
| 801 |
|
0 |
|a RU
|b 63413507
|c 20011209
|g PSBO
|
| 801 |
|
2 |
|a RU
|b 63413507
|c 20170207
|g PSBO
|
| 942 |
|
|
|c BK
|